| 000 | 04798pam a2200517 i 4500 | ||
|---|---|---|---|
| 001 | 12173487 | ||
| 003 | ARRUPE | ||
| 005 | 20161028113326.0 | ||
| 008 | 151210s2017 enka b 001 0 eng | ||
| 010 | _a 2015048198 | ||
| 020 |
_a9781138962323 _qpaperback |
||
| 020 |
_a1138962325 _qpaperback |
||
| 020 |
_a9781138962316 _qhardcover |
||
| 020 |
_a1138962317 _qhardcover |
||
| 024 | _a99968772948 | ||
| 035 | _a(OCoLC)ocn932115962 | ||
| 035 | _a(OCoLC)932115962 | ||
| 035 | _a(NNC)12173487 | ||
| 040 |
_aDLC _beng _erda _cDLC _dOCLCO _dOCLCF _dOCLCO _dOCLCA _dOCL _dNhCcYBP |
||
| 042 | _apcc | ||
| 043 | _af------ | ||
| 050 | 0 | 0 |
_aP96.A37 _bA58 2017 |
| 082 | 0 | 0 |
_a070.4/49960331 _223 |
| 245 | 0 | 0 |
_aAfrica's media image in the 21st century : _bfrom the "Heart of darkness" to "Africa rising" / _cedited by Mel Bunce, Suzanne Franks, and Chris Paterson. |
| 260 |
_aLondon _bRoutledge _c2016 |
||
| 300 |
_axvii, 239 pages ; _c24 cm. |
||
| 490 | 1 | _aCommunication and society | |
| 504 | _aIncludes bibliographical references and index. | ||
| 505 | 0 | _aIntroduction: a new Africa's media image? / Mel Bunce, Suzanne Franks and Chris Paterson -- Framing Africa. The international news coverage of Africa: beyond the "single story" / Mel Bunce -- Media perspectives: in defence of western journalists in Africa / Michela Wrong -- Reporting and writing Africa in a world of unequal encounters / Francis Nyamonjoh -- Media perspectives: how does Africa get reported? a letter of concern to 60 minutes / Howard French -- How not to write about writing about Africa / Martin Scott -- Bringing Africa home: reflections on discursive practices of domestication in international news reporting on Africa by Belgian television / Stijn Joye -- The image of Africa from the perspectives of the African diasporic press in the UK / Ola Ogunyemi -- The image makers. Mediating the distant Other for the distant audience: How do Western correspondents in East and Southern Africa perceive their audience? / Toussaint Nothias -- Media perspectives: television reporting of Africa 30 years on / Zeinab Badawi -- Foreign correspondents in Sub-Saharan Africa: their socio-demographics and professional culture -- Paulo Nuno Vicente -- Media perspectives: reflecting on my father's legacy in reporting Africa / Salim Amin -- We're missing the story: the media's retreat from foreign reporting / Anjan Sundaram -- Instagram as a potential platform for alternative visual culture in South Africa / Danielle Becker -- Media perspectives: social media and new narratives: Kenyans tweet back / H. Nanjala Nyabola -- A "new Ghana" in "Rising Africa"? / Rachel Flamenbaum -- Development and humanitarian stories. Media perspectives: is Africa's development story still stuck on aid? / Eliza Anyangwe -- AIDS in Africa and the British media: shifting images of a pandemic / Ludek Stavinoha -- Media perspectives: a means to an end? creating a market for humanitarian news from Africa / Heba Aly -- It was a "simple", "positive" story of African self-help (manufactured for a Kenyan NGO by advertising multinationals) / Kate Wright -- Media perspectives: Africa for Norway: challenging stereotypes using humour / Nikolas Poulsen Viki -- Bloggers, celebrities, and economists: news coverage of the Millennium Village Project / Audrey Arriss, Anya Schiffrin and Michelle Chahine -- Politics in the representation of Africa. Africa through Chinese eyes: new frames or the same old lens? African news in English from China Central Television, compared with the BBC / Vivien Marsh -- Media perspectives: new media & African engagement with the global public sphere / Sean Jacobs -- Shifting power relations, shifting images Herman Wasserman -- Communicating violence: the media strategies of Boko Haram / Abdullahi Abubakar -- Media Perspectives: Chinese media perceptions on the reporting of Africa / James Wan -- New imperialisms, old stereotypes / Chris Paterson -- Nollywood news: African screen media at the intersections of the global and the local / Noah Tsika. | |
| 648 | 7 |
_a2000-2099 _2fast _927126 |
|
| 650 | 0 |
_aJournalism _xTechnological innovations. _927127 |
|
| 650 | 7 |
_aJournalism _xTechnological innovations. _2fast _927127 |
|
| 650 | 7 |
_aMass media. _2fast _9536 |
|
| 650 | 7 |
_aPress coverage. _2fast _927128 |
|
| 651 | 0 |
_aAfrica _xIn mass media. _927129 |
|
| 651 | 0 |
_aAfrica _xPress coverage _xHistory _y21st century. _927130 |
|
| 651 | 7 |
_aAfrica. _2fast _98946 |
|
| 655 | 7 |
_aHistory. _2fast _912337 |
|
| 700 | 1 |
_aBunce, Melanie, _d1983- _eeditor. _927131 |
|
| 700 | 1 |
_aFranks, Suzanne, _eeditor. _927132 |
|
| 700 | 1 |
_aPaterson, Chris, _d1963- _eeditor. _927133 |
|
| 830 | 0 |
_aCommunication and society (Routledge (Firm)) _927134 |
|
| 942 |
_2lcc _cMONOGRAPH |
||
| 948 | 1 |
_a20160930 _bc _chew2 _dMPS |
|
| 999 |
_c125620 _d125620 |
||